000 00650nam a2200229Ia 4500
005 20250508165253.0
008 008 250505s9999 xx 000 0 eng d
020 _a978-0-415-80936-8
037 _aReference
040 _aFEDL
_beng
_cFEDL
041 _aeng
_2eng
084 _a306, BAR/RR
_qFEDL
100 _aBarnard Alan Ed.
_9291904
245 0 _aRoutledge encyclopedia of social and cultural anthropology
250 _a2
260 _aLondon, UK
_bRoutledge
_c2012
300 _axxxi, 855p.
365 _aGBP
_b50
700 _a Spencer Jonathan Ed.
_9780350
942 _cREF
_h306, BAR/RR
999 _c1394163
_d1394163